000 00843nam a2200277Ia 4500
003 GCL
008 140319s9999 xx 000 0 ara d
020 _a3086376977
040 _aGCL /
_cGCL
082 0 4 _a229
_bم م
100 1 _aمنصور عبدالحكيم
245 1 0 _a150قصة من نهاية الظالمين والظالمات /
_cمنصور عبدالحكيم
260 _aالقاهرة :
_bدار الكتاب العربى ،
_c2005
300 _a262 ص ؛
_c25 سم
490 _a150 قصة
_v0
650 0 4 _aالعدل
650 0 4 _aالقران - فضائل
650 0 4 _aقصص القران
650 0 4 _aالقران - مباحث عامة
650 0 4 _aقوم عاد
650 0 4 _aقوم ثمود
650 0 4 _aقوم شعيب
650 0 4 _aقوم نوح
650 0 4 _aقوم لوط
942 _2ddc
_cBK
999 _c51114
_d51114